| 000 | 00630nam a22001817a 4500 | ||
|---|---|---|---|
| 999 |
_c15048 _d15048 |
||
| 003 | OSt | ||
| 082 | _2631.56 BIJ/MO | ||
| 088 | _aP 167 | ||
| 100 |
_aBIJU ABRAHAM _aCIBIN RAJ _aTANUJA P _93385 |
||
| 245 | _aModified atmospheric packaging of cured vanilla | ||
| 260 |
_aTavanur 2006 _bKelappaji College of Agricultural Engineering and Technology |
||
| 300 | _a60 | ||
| 500 | _aModified atmospheric packaging of cured vanilla | ||
| 520 | _aModified atmospheric packaging of cured vanilla | ||
| 700 |
_aDr. K. P Sudheer (Guide) _93362 |
||
| 856 | _uhttps://drive.google.com/open?id=111uEogwYGnwMomLXkrBkk8zRWK0J1vYr | ||
| 942 | _cPR | ||